| 000 | 00439nam a2200181Ia 4500 | ||
|---|---|---|---|
| 001 | 10443 | ||
| 005 | 20260306161832.0 | ||
| 008 | 260306t2011||||xx |||||||||||||| ||spa|| | ||
| 041 | _aESP | ||
| 082 |
_a929.20985 _bS17 |
||
| 100 |
_aSalinas, Pedro _eAUT |
||
| 245 | 0 |
_aDe Torme a Sayán: _blos Salinas en el Perú |
|
| 260 | _c2011 | ||
| 300 |
_a149 páginas : _c20 cm. |
||
| 650 | _aGEN | ||
| 654 | _aCHU | ||
| 942 |
_cLIB _dJUS _fJUS _2ddc _n |
||
| 999 |
_c10443 _d10443 |
||